| 000 | 01388nam0a2200313 4500 | ||
|---|---|---|---|
| 001 | RU\NLR\bibl\96717 | ||
| 005 | 20260406051809.0 | ||
| 010 |
_a5-93515-002-6 _9700 |
||
| 021 |
_aRU _b2000-8889 _9448 |
||
| 035 | _a(NLR Aleph) 000094541 | ||
| 090 |
_a531606 _c531606 |
||
| 100 | _a20000710d1999 |||y0rusy50 ca | ||
| 101 | 0 | _arus | |
| 102 | _aRU | ||
| 105 | _aa ||||||||| | ||
| 200 | 1 |
_aЭтно-региональный компонент экологического образования учащейся молодежи Адыгеи, Кабардино-Балкарии и Карачаево-Черкесии _fМ.С. Багов |
|
| 210 |
_aНальчик _cБ.и. _d1999 |
||
| 215 |
_a133,[2] с. _cил. _d20 |
||
| 320 | _aБиблиогр.: с. 129-133 (79 назв.) | ||
| 606 | 0 |
_aЭкологическое образование _yКабардино-Балкарская Республика _92177723 _3RU\NLR\auth\661309724 |
|
| 606 | 0 |
_aЭкологическое образование _yКарачаево-Черкесия, Республика _92177724 _3RU\NLR\auth\661309725 |
|
| 686 | _aУ28(2Р-6К) | ||
| 700 | 1 |
_4070 _8rus _7ca _aБагов _bМ. С. _gМурадин Саудинович _3RU\NLR\auth\776974 _9116918 |
|
| 801 | 0 |
_aRU _bNLR _c20000710 _gPSBO |
|
| 801 | 1 |
_aRU _bNLR _c20000710 |
|
| 852 |
_aNLR _j2000-3/5994 |
||
| 942 | _cBOOK | ||
| 980 | _aNB | ||